Santo Domingo en la novela dominicana / (Record no. 21348)
[ view plain ]
| 000 -LEADER | |
|---|---|
| campo de control de longitud fija | 01717cam a2200205 4500 |
| 001 - NÚMERO DE CONTROL | |
| campo de control | 7856 |
| 005 - FECHA Y HORA DE LA ÚLTIMA TRANSACCIÓN | |
| campo de control | 20230410103547.0 |
| 008 - DATOS DE LONGITUD FIJA--INFORMACIÓN GENERAL | |
| campo de control de longitud fija | 060907n2002 dr spa |
| 020 ## - NÚMERO INTERNACIONAL ESTÁNDAR DEL LIBRO | |
| Número Internacional Estándar del Libro | 9993442119 |
| 035 ## - NÚMERO DE CONTROL DEL SISTEMA | |
| -- | funglode7923 |
| 041 ## - CÓDIGO DE IDIOMA | |
| Código de lengua del texto/banda sonora o título independiente | ES |
| 050 14 - SIGNATURA TOPOGRÁFICA DE LA BIBLIOTECA DEL CONGRESO | |
| Número de clasificación | 118 PQ 7409.2 |
| Número de ítem | V443s 2002 |
| 100 1# - ENTRADA PRINCIPAL--NOMBRE DE PERSONA | |
| Nombre de persona | Veloz Maggiolo, Marcio, |
| Fechas asociadas al nombre | 1936- |
| 245 10 - MENCIÓN DEL TÍTULO | |
| Título | Santo Domingo en la novela dominicana / |
| Mención de responsabilidad, etc. | Marcio Veloz Maggiolo |
| 260 ## - PUBLICACIÓN, DISTRIBUCIÓN, ETC. | |
| Lugar de publicación, distribución, etc. | Santo Domingo : |
| Nombre del editor, distribuidor, etc. | Ediciones Ferilibro, |
| Fecha de publicación, distribución, etc. | 2002 |
| 300 ## - DESCRIPCIÓN FÍSICA | |
| Extensión | 227 p. |
| 520 ## - RESUMEN, ETC. | |
| Sumario, etc. | Santo Domingo en la novela dominicana / Marcio Veloz Maggiolo, 11. -- La sangre (una vida bajo la tiranía) / Tulio M. Cestero, 27. -- Navarijo / F. E. Moscoso Puello, 37. -- Eusebio Sapote (La historia y la novela de un tarado) / Enrique Aguiar, 43. -- La pandilla / Haim López Amiama, 53. -- En su niebla / Ramón Lacay Polanco, 57. -- Caonex / J. M. Sanz Lajara, 71. -- Guanuma / Federico García Godoy, 81. -- Los carpinteros / Joaquín Balaguer, 89. -- La ciudad herida / Carlos Federico Pérez, 97. -- Laura en sábado / Manuel Rueda, 103. -- Sólo cenizas hallarás (Bolero) / Pedro Vergés, 119. -- Fantasma de una lejana fantasía / Guillermo Piña Contreras, 131. -- Materia prima (protonovela) / Marcio Veloz Maggiolo, 137. -- La balada de Alfonsina Bairán / Andrés L. Mateo, 151. -- El personero / Efraim Castillo, 161. -- Los que falsificaron la firma de Dios / Viriato sención, 169. -- Las siempre insólitas cartas del destino / Roberto Marcallé Abreu, 177. -- Toda la vida / Manuel Salvador Gautier, 185. -- Aquiles Vargas, fantasma / Manuel García Cartagena, 193. -- Ya los oligarcas no bajan a la calle El Conde / Pedro Peix, 207 |
| 650 #4 - PUNTO DE ACCESO ADICIONAL DE MATERIA--TÉRMINO DE MATERIA | |
| Término de materia o nombre geográfico como elemento de entrada | Literatura dominicana |
| 942 ## - ELEMENTOS DE ENTRADA SECUNDARIOS (KOHA) | |
| Fuente del sistema de clasificación o colocación | Clasificación de Library of Congress |
| Tipo de ítem Koha | |
| Estatus retirado | Estado de pérdida | Fuente del sistema de clasificación o colocación | Estado de daño | No para préstamo | Colección | Biblioteca de origen | Biblioteca actual | Ubicación en estantería | Fecha de adquisición | Serial enumeration / chronology | Signatura topográfica completa | Código de barras | Visto por última vez | Copia número | Tipo de ítem Koha |
|---|---|---|---|---|---|---|---|---|---|---|---|---|---|---|---|
| Clasificación de Library of Congress | Recursos Regionales | Biblioteca Juan Bosch | Biblioteca Juan Bosch | Recursos Regionales (2do. Piso) | 23/10/2018 | 1 | 118 PQ 7409.2 V443s 2002 | 00000004497 | 23/10/2018 | 1 |
